Justo José de Urquiza.
La figura de Justo José de Urquiza. Su relación con Rosas y posterior oposición. La batalla de Caseros. Sus seguidores intelectuales y las bases para la Constitución Nacional. Su caída en Pavón. Muerte de Urquiza.
Guardado en:
| Formato: | |
|---|---|
| Series: | Educable
|
| Materias: | |
| Etiquetas: |
Agregar Etiqueta
Sin Etiquetas, Sea el primero en etiquetar este registro!
|
| LEADER | 00984ngm a22002655g 4500 | ||
|---|---|---|---|
| 001 | CEM.cems022416 | ||
| 008 | 130507b1999##################0###0#####d | ||
| 005 | 20241101142255.0 | ||
| 245 | 0 | 0 | |a Justo José de Urquiza. |
| 300 | |a 21'. | ||
| 490 | 0 | |a Educable | |
| 500 | |a En soporte VHS, consultar en ventanilla. | ||
| 520 | |a La figura de Justo José de Urquiza. Su relación con Rosas y posterior oposición. La batalla de Caseros. Sus seguidores intelectuales y las bases para la Constitución Nacional. Su caída en Pavón. Muerte de Urquiza. | ||
| 538 | |a Soporte: VHS - Norma: Pal N - Color: Si - Grabación DRD 1999 - Hitachi=3950 | ||
| 082 | 9 | 8 | |/ EDU |
| 653 | |a HISTORIA ARGENTINA | ||
| 653 | |a URQUIZA | ||
| 653 | |a JUAN JOSE DE URQUIZA | ||
| 653 | |a ROSAS | ||
| 653 | |a CASEROS | ||
| 653 | |a PAVON | ||
| 653 | |a CONSTITUCION NACIONAL | ||
| 653 | |a NIVEL PRIMARIO | ||
| 653 | |a NIVEL SECUNDARIO | ||
| 859 | |a CEMS |b BIB. CEMS - Depto. Recursos Didacticos |h 982 |i EDU |k DRD |p 1059.12 |t Ej.1 | ||
